Leyes civiles de España / (Record no. 102527)

MARC details
000 -LEADER
campo de control de longitud fija 01167nam a2200301 i 4500
001 - NÚMERO DE CONTROL
campo de control 102527
003 - IDENTIFICADOR DE NÚMERO DE CONTROL
campo de control ES-MaACL
005 - FECHA Y HORA DE LA ÚLTIMA TRANSACCIÓN
campo de control 20250827062615.0
007 - CAMPO FIJO DE DESCRIPCIÓN FÍSICA--INFORMACIÓN GENERAL
campo de control de longitud fija t|
008 - DATOS DE LONGITUD FIJA--INFORMACIÓN GENERAL
campo de control de longitud fija 051117s1958 sp ||||1| spa d
110 1# - ENTRADA PRINCIPAL--NOMBRE DE ENTIDAD CORPORATIVA
Nombre de entidad corporativa o nombre de jurisdicción como elemento de entrada España
9 (RLIN) 3622
245 10 - MENCIÓN DEL TÍTULO
Título Leyes civiles de España /
Mención de responsabilidad, etc. por León Medina y Manuel Marañón.
250 ## - MENCION DE EDICION
Mención de edición Novísima ed.
Resto de la mención de edición rev., corr. y puesta al día por José Castán Tobeñas.
260 ## - PUBLICACIÓN, DISTRIBUCIÓN, ETC.
Lugar de publicación, distribución, etc. Madrid :
Nombre del editor, distribuidor, etc. Reus,
Fecha de publicación, distribución, etc. 1958.
300 ## - DESCRIPCIÓN FÍSICA
Extensión 2 v. ;
Dimensiones 17 cm.
490 1# - MENCIÓN DE SERIE
Mención de serie Biblioteca Medina y Marañón
650 #4 - PUNTO DE ACCESO ADICIONAL DE MATERIA--TÉRMINO DE MATERIA
Término de materia o nombre geográfico como elemento de entrada Derecho civil-
Subdivisión geográfica España-
Subdivisión de forma Legislación
9 (RLIN) 11663
700 1# - ENTRADA AGREGADA--NOMBRE PERSONAL
Nombre de persona Medina, León.
9 (RLIN) 79703
700 1# - ENTRADA AGREGADA--NOMBRE PERSONAL
Nombre de persona Marañón, Manuel.
9 (RLIN) 76316
700 1# - ENTRADA AGREGADA--NOMBRE PERSONAL
Nombre de persona Castán Tobeñas, José,
Fechas asociadas al nombre 1889-1969
9 (RLIN) 36392
800 ## - PUNTO DE ACCESO ADICIONAL DE SERIE--NOMBRE DE PERSONA
Título de la obra
9 (RLIN) 239740
830 1# - PUNTO DE ACCESO ADICIONAL DE SERIE-TÍTULO UNIFORME
Título uniforme Biblioteca Medina y Marañón
9 (RLIN) 184645
852 4# - LOCALIZACIÓN
Ubicación ES-MaACL
Número de control de estantería G-16143
Signatura antigua Olim: A-5439
-- Olim: L 347 (460)"1964" ESP
itemnumber 106356
Sublocalización o colección R.43347
Ubicación en estantería Depósito 2
Designación de la unidad física v.1
852 4# - LOCALIZACIÓN
Ubicación ES-MaACL
Número de control de estantería G-16144
Signatura antigua Olim: A-5440
-- Olim: L 347 (460)"1964" ESP
Sublocalización o colección R.43347
itemnumber 201332
Ubicación en estantería Depósito 2
Designación de la unidad física v.2
852 4# - LOCALIZACIÓN
Ubicación ES-MaACL
Número de control de estantería G-16145
Signatura antigua Olim: A-5479
Sublocalización o colección R.71130
itemnumber 201332
Ubicación en estantería Depósito 2
Designación de la unidad física v.2
942 ## - ELEMENTOS DE ENTRADA SECUNDARIOS (KOHA)
Fuente del sistema de clasificación o colocación Clasificación decimal universal
Tipo de ítem Koha Libro impreso
Holdings
Estatus retirado Estado de pérdida Fuente del sistema de clasificación o colocación Especificación de materiales (volumen encuadernado u otra parte) Estado de daño No para préstamo Biblioteca de origen Biblioteca actual Ubicación en estantería Fecha de adquisición Total de préstamos Signatura topográfica completa Código de barras Visto por última vez Precio de reemplazo Tipo de ítem Koha Fuente de adquisición
    Clasificación decimal universal v.1     Biblioteca del Ateneo de Madrid Biblioteca del Ateneo de Madrid Depósito 2 17/01/2008   G-16143 101229396 23/02/2023 23/02/2023 Libro impreso  
    Clasificación decimal universal v.2     Biblioteca del Ateneo de Madrid Biblioteca del Ateneo de Madrid Depósito 2 17/01/2008   G-16144 101206812 20/02/2024 23/02/2023 Libro impreso  
    Clasificación decimal universal v.2     Biblioteca del Ateneo de Madrid Biblioteca del Ateneo de Madrid Depósito 2 17/01/2008   G-16045 101229395 27/01/2025 23/02/2023 Libro impreso Compra